000 00559nam a2200217Ia 4500
003 OSt
005 20220928151302.0
006 a|||||r|||| 00| 0
007 ta
008 220927b |||||||| |||| 00| 0 eng d
024 _a122665
037 _cTextual
040 _aSDCL
_cSDCL
_beng
041 _2eng
_aeng
082 _aO121,8C81:g., F0
100 _aFiske George Converse
_9516911
245 0 _aLucilius and Horace.
260 _c1920
942 _hO121,8C81:g., F0
_cTEXL
_2CC
999 _c850920
_d850920